[Event "POL-chT Academic"]
[White "Sawicki, Pawel Andrzej"]
[Black "Parol, Pola"]
[Site "Katowice"]
[Round "6.17"]
[Result "1-0"]
[Date "2020.11.15"]
[WhiteElo "1435"]
[BlackElo "2069"]
[PlyCount "155"]
[EventDate "2020.11.14"]
[EventType "team-swiss (rapid)"]
[EventRounds "9"]
[EventCountry "POL"]
[SourceTitle "CBM 199 Extra"]
[Source "ChessBase"]
[SourceDate "2021.01.31"]
[SourceVersion "1"]
[SourceVersionDate "2021.01.31"]
[SourceQuality "1"]
[WhiteTeam "Gdansk Univ"]
[BlackTeam "Warszawa Univ"]
[WhiteTeamCountry "POL"]
[BlackTeamCountry "POL"]

1. Nf3 Nf6 2. c4 e6 3. Nc3 d5 4. cxd5 exd5 5. d4 c6 6. Bg5 h6 7. Bh4 Bd6 8. e3 0-0 9. Bd3 Bg4 10. Bc2 Bh5 11. 0-0 Nbd7 12. e4 dxe4 13. Nxe4 Be7 14. Ng3 Bg6 15. Nf5 Re8 16. Nxe7+ Qxe7 17. Bxg6 fxg6 18. Re1 Qf7 19. Ne5 Nxe5 20. dxe5 Nd5 21. Qb3 g5 22. Bg3 Rad8 23. Rad1 Re7 24. Rd3 Rde8 25. Rf3 Qg6 26. a4 Kh8 27. Qc4 Qe6 28. a5 a6 29. Re4 Nc7 30. Qxe6 Nxe6 31. h4 Kg8 32. h5 Rd7 33. Rb4 Ree7 34. Rfb3 Nc5 35. Rc3 Ne6 36. Rcb3 Kf7 37. Rf3+ Ke8 38. Rfb3 Kd8 39. Kf1 Kc8 40. Re3 Rd5 41. Ra4 Red7 42. Raa3 Rd1+ 43. Ke2 R7d2+ 44. Kf3 Rxb2 45. Red3 Rbd2 46. Rxd2 Rxd2 47. Ke3 Rd5 48. Rd3 Rxd3+ 49. Kxd3 Kd7 50. Ke4 Ke7 51. Kf5 c5 52. f3 c4 53. Be1 Nd4+ 54. Kg6 Ne6 55. Bc3 Kf8 56. g3 Nc7 57. Kf5 Nd5 58. Be1 c3 59. Ke6 Ne3 60. Bxc3 Nc4 61. Kd7 Ne3 62. Kc8 Nd5 63. Bd4 Ke7 64. Kxb7 Kd7 65. Kxa6 Kc6 66. e6 Nc7+ 67. Ka7 Nxe6 68. Be5 Kd5 69. Bb2 Kc6 70. Kb8 Kb5 71. Bc3 Ka6 72. Kc8 Kb5 73. Kd7 Nc5+ 74. Ke7 Nd3 75. Kf7 Kc4 76. Bxg7 Ne1 77. a6 Nd3 78. a7 1-0